00326cam a22001097a 4500008004000000020001800040082001600058100001400074245008100088260002500169650002200194180718b2008 xxu||||| |||| 00| 0 eng d a9788190749961 aK85x54 P973 aPuri V.K. aRevised compilation for Pensioners (Civil & railway employees)cBy V.K. Puri aNew DelhibJBAc2008 aPensions -- India